00362 a2200145 450000100060000002000180000604000240002410000210004824000440006924500390011330000060015236200090015844000180016765000310018546255 a9788506065457 cAnchieta - Aquarius aONÇA, Fabiano.10aEu vi, eu juro, um bicho no escurolpor10aEu vi, eu juro, um bicho no escuro a 0 a2011 1aMelhoramentos 4aLiteratura infanto-juvenil